Analýza rizík v podniku metódou FMEA (Failure mode and effect analysis)
Analýza rizík. Ciele a základné otázky analýzy rizika. Vybrané metódy a nástroje analýzy rizík. Analýza rizika metódou FMEA (Failure mode and effect analysis). Pôsobenie FMEA v procese analýzy rizík.
Saved in:
| Main Author: | |
|---|---|
| Other Authors: | |
| Format: | Book Chapter |
| Language: | Slovak |
| Subjects: | |
| Tags: |
No Tags, Be the first to tag this record!
|
MARC
| LEADER | 00000naa a2200000 4500 | ||
|---|---|---|---|
| 001 | 0136753 | ||
| 005 | 20231204133127.2 | ||
| 041 | 0 | |a slo | |
| 044 | |a SK | ||
| 245 | 1 | 0 | |a Analýza rizík v podniku metódou FMEA (Failure mode and effect analysis) |c Katarína Buganová, Mária Lusková |
| 520 | |a Analýza rizík. Ciele a základné otázky analýzy rizika. Vybrané metódy a nástroje analýzy rizík. Analýza rizika metódou FMEA (Failure mode and effect analysis). Pôsobenie FMEA v procese analýzy rizík. | ||
| 610 | 2 | 0 | |a risk management |
| 610 | 2 | 0 | |a riadenie podnikové |
| 610 | 2 | 0 | |a riadenie rizík |
| 610 | 2 | 0 | |a manažéri |
| 610 | 2 | 0 | |a analýza ekonomická |
| 100 | 1 | |a Buganová, Katarína | |
| 700 | 1 | |a Lusková, Mária | |